Statistics for Largest US State Capitals

Click here to take the quiz!

General Stats

  • This quiz has been taken 343 times
  • The average score is 12 of 15

Answer Stats

PopulationCapital% Correct
790,390Austin
95%
420,003Atlanta
91%
1,445,632Phoenix
90%
466,488Sacramento
89%
617,594Boston
87%
600,158Denver
87%
787,033Columbus
86%
829,718Indianapolis
81%
635,710Nashville
81%
580,000Oklahoma City
80%
403,892Raleigh
75%
337,256Honolulu
66%
233,209Madison
63%
285,068Saint Paul
62%
258,379Lincoln
53%

Score Distribution

Percentile by Number Answered

Percent of People with Each Score

Your Score History

You have not taken this quiz